000 00674nam a2200241Ia 4500
001 11672
003 GE_BSU
008 181216s||||||||xx |||||||||||||| ||und||
020 _a9781407517445
040 _cGE_BSU
080 _a821.111-31
100 _aPerelman,Helen.
245 _aHigh school musical:Stories from fast high #6:Heart to Heart.
245 _bBased on the Disney channel original movie high school musical.
245 _cWritten by Peter Barsocchini.
260 _aUK.
260 _bParragon.
260 _c2008.
300 _a142p;20cm.
300 _eill.
653 _aHigh school musical:Stories from fast high #6:Heart to Heart.
942 _cBK
999 _c44858
_d44858